000 00758nam a22001577a 4500
003 OSt
005 20150925091322.0
008 150925b xxu||||| |||| 00| 0 eng d
040 _cRUA
082 _aAGR HEA 2012 B053 Or.1
100 _91299
_aHEA, VUTHY.
245 _aeffects of herbiside on ir 66 rice variety in dry season at the royal university of agriculture ( ឥទ្ធិពថ្នាំសម្លាប់ស្មៅចង្រៃលើពូជស្រូវអ៊ីអ៊ែរ ៦៦ ក្នុងលក្ខខណ្ឌរដូវប្រាំង នៅសាកលវិទ្យាល័យភូមិន្ទកសិកម្ម)
260 _aPhnom Penh
_bRUA
_c2012
300 _axi, 58p.
_bill.
_c29cm.
942 _2ddc
_cAGR
999 _c1229
_d1229